Statistics for 3-Word Film Franchise Hints

Click here to take the quiz!

General Stats

  • This quiz has been taken 27 times
  • The average score is 14 of 20

Answer Stats

HintAnswer% Correct
Naboo, Tatooine, HothStar Wars
100%
Elf, Mordor, BoromirLord Of The Rings
96%
Archaeology, Snakes, WhipIndiana Jones
92%
Martini, Suave, BritishJames Bond
92%
Life, Dangerous, Pre-historicJurassic Park
92%
Wand, Orphan, ScarHarry Potter
88%
Cruise, Fallout, SpyMission Impossible
85%
Ripley, Jonesy, NostromoAlien
81%
DeLorean, Einstein, ChickenBack To The Future
81%
Uhura, Khan, SpaceStar Trek
81%
Heist, Ensemble, CasinoOcean's
73%
Pearl, Swan, ShipPirates Of The Caribbean
73%
Mutant, Wheelchair, PhoenixX-Men
69%
Survivor, Drago, MontagesRocky
58%
Cars, Family, WalkerFast And The Furious
54%
Andy, Bonnie, BullseyeToy Story
54%
Christmas, Nakatomi, HansDie Hard
50%
Capitol, Gale, PrimroseHunger Games
46%
K, J, AliensMen In Black
46%
Apple, Lamb, LionTwilight
12%

Score Distribution

Percentile by Number Answered

Percent of People with Each Score

Your Score History

You have not taken this quiz